书目信息 |
| 题名: |
西印度群岛简史
|
|
| 作者: | J.H.帕里 , P.M.舍洛克 著 ;天津历史研究所翻译室 译 | |
| 分册: | ||
| 出版信息: | 天津 天津人民出版社 1976.12 |
|
| 页数: | 646页 | |
| 开本: | 20cm | |
| 丛书名: | ||
| 单 册: | ||
| 中图分类: | K75 | |
| 科图分类: | ||
| 主题词: | 西印度群岛--历史 | |
| 电子资源: | ||
| ISBN: | ||
| 000 | 00791nam0 2200253 45 | |
| 001 | 0211151096 | |
| 005 | 20031219104100.4 | |
| 010 | @dCNY1.72 | |
| 091 | @a11072.23 | |
| 100 | @a20021115d1976 km y0chiy0120 ea | |
| 101 | 0 | @achi@ceng |
| 105 | @a z 000yy | |
| 200 | 1 | @a西印度群岛简史@AXi Yin Du Qun Dao Jian Shi@f(英)J.H.帕里,P.M.舍洛克著@F(Ying)J.H.Pa Li,P.M.She Luo Ke Zhu@g天津历史研究所翻译室译 |
| 210 | @a天津@c天津人民出版社@d1976.12 | |
| 215 | @a646页@d20cm | |
| 300 | @a本书供内部参考 | |
| 320 | @a索引 | |
| 606 | 0 | @a西印度群岛@x历史 |
| 690 | @aK75@v1 | |
| 701 | 0 | @aJ.H.帕里@4著 |
| 701 | 0 | @aP.M.舍洛克@4著 |
| 712 | 02 | @a天津历史研究所翻译室@ATian Jin Li Shi Yan Jiu Suo Fan Yi Shi@4译 |
| 801 | @aCN@bTSTC@c20021115 | |
| 905 | @f1@b228469@dK75@e3 | |
| 西印度群岛简史/(英)J.H.帕里,P.M.舍洛克著/天津历史研究所翻译室译.-天津:天津人民出版社,1976.12 |
| 646页;20cm |
| 本书供内部参考 |
| ISBN :CNY1.72 |
| ● |
| 相关链接 |
|
|
|
|
正题名:西印度群岛简史
索取号:K75/3
 
预约/预借
| 序号 | 登录号 | 条形码 | 馆藏地/架位号 | 状态 | 备注 |
| 1 | 0219198 | 001739042 | 第二样本阅览室/ [索取号:K75/3] | 在馆 | |
| 2 | 0228469 | 001622890 | 密集书库/ [索取号:K75/3] | 在馆 |